00609nam a2200217 u 45000010006000000050017000060080041000230350010000640350021000740400013000950410008001080820008001161000030001242450055001542500010002092600057002193000018002766500027002946500023003216500047003441178520260428110952.0960313s1974 eng  a11785 a(OCoLC)777961565 ccomduadb aeng 4a00110aAthans, Michael4auteaut10aSystems networks and computation multivariable ... a01.ED aEstados Unidos :bMcGraw-Hill Interamericana,c1974. a552 páginas aAnálisis de sistemas aRedes eléctricas 7aProcesamiento electrónico de datos2lemb